000 00759nam a2200253Ia 4500
003 OSt
005 20220928105237.0
006 a|||||r|||| 00| 0
007 ta
008 220927b |||||||| |||| 00| 0 eng d
020 _c2400.6500000000001
024 _a119352
037 _b107, 28/08/2013, Classic Book Service
_cTextual
040 _aSDCL
_cSDCL
_beng
041 _2eng
_aeng
082 _aWxC67, Q3
100 _aPangle Thomas L
_9414487
245 0 _aAristotle's teaching in the politics.
260 _aChicago
_bUniversity of Chicago Press
_c2013
300 _a343p
_ccm.
650 _aPolitical Science
942 _hWxC67, Q3
_cTEXL
_2CC
999 _c730317
_d730317